000 00258nam a2200109Ia 4500
008 190216s9999||||xx |||||||||||||| ||und||
100 _aJaiswal.J.N
245 0 _aComperhensive Bank Of
260 _bLaxmi Publication Ltd
_c2004
300 _a787
942 _cREF
999 _c36715
_d36715